[Event "Madrid-ch Previa A"]
[Site "Madrid"]
[Date "2023.02.13"]
[Round "4.21"]
[White "Martin Romero, David"]
[Black "Sanchez Arriola, Ignacio"]
[Result "1/2-1/2"]
[WhiteElo "1765"]
[BlackElo "1580"]
[PlyCount "62"]
[EventDate "2023.02.06"]
[EventType "swiss"]
[EventRounds "9"]
[EventCountry "ESP"]
[SourceTitle "EXT 2024"]
[Source "ChessBase"]
[SourceDate "2023.10.10"]
[SourceVersion "1"]
[SourceVersionDate "2023.10.10"]
[SourceQuality "1"]

1. e4 c6 2. d3 d5 3. Nd2 e5 4. Ngf3 Bg4 5. Be2 Bd6 6. 0-0 Nd7 7. h3 Bh5 8. Nh2 Bxe2 9. Qxe2 Ne7 10. Ndf3 f6 11. Ng4 d4 12. Nh4 Nf8 13. f4 Nfg6 14. Nxg6 Nxg6 15. f5 Ne7 16. Kh1 Kd7 17. Qe1 c5 18. b3 b5 19. a4 a6 20. axb5 axb5 21. Bd2 b4 22. Rxa8 Qxa8 23. Qa1 Nc6 24. Qb2 Qb7 25. Ra1 Ra8 26. Nh2 Ra6 27. Nf3 Qa8 28. Rxa6 Qxa6 29. Bc1 Na7 30. Nd2 Nb5 31. Nc4 Nc3 1/2-1/2

[Event "Madrid Vicalvaro op"]
[Site "Madrid"]
[Date "2022.06.05"]
[Round "5"]
[White "Sanchez Arriola, Ignacio"]
[Black "Escobar Cabanillas, Alejandro"]
[Result "1-0"]
[WhiteElo "1626"]
[BlackElo "1430"]
[PlyCount "69"]
[EventDate "2022.05.08"]
[EventType "swiss"]
[EventRounds "7"]
[EventCountry "ESP"]
[SourceTitle "EXT 2024"]
[Source "ChessBase"]
[SourceDate "2023.10.10"]
[SourceVersion "1"]
[SourceVersionDate "2023.10.10"]
[SourceQuality "1"]

1. c4 e5 2. g3 c6 3. Bg2 Nf6 4. Nc3 d5 5. cxd5 cxd5 6. e3 Bf5 7. d3 Bb4 8. a3 Bxc3+ 9. bxc3 Nc6 10. Ne2 Qd7 11. 0-0 h5 12. f3 Bh3 13. e4 d4 14. c4 Ne7 15. Bg5 Nh7 16. Bxe7 Bxg2 17. Kxg2 Qxe7 18. Qa4+ Qd7 19. Qxd7+ Kxd7 20. Rab1 Rab8 21. f4 f6 22. fxe5 fxe5 23. Rf7+ Kc6 24. Rxg7 Nf6 25. Rg6 Rbf8 26. Rf1 Kd7 27. Rfxf6 Rxf6 28. Rxf6 Ke7 29. Rf5 Ke6 30. Ng1 a6 31. a4 h4 32. g4 Rh6 33. Nf3 b6 34. Nxe5 Rf6 35. Nf3 1-0

[Event "Madrid Vicalvaro op"]
[Site "Madrid"]
[Date "2022.05.08"]
[Round "1"]
[White "Fornell Subero, Eugenio"]
[Black "Sanchez Arriola, Ignacio"]
[Result "0-1"]
[WhiteElo "1175"]
[BlackElo "1626"]
[PlyCount "64"]
[EventDate "2022.05.08"]
[EventType "swiss"]
[EventRounds "7"]
[EventCountry "ESP"]
[SourceTitle "EXT 2024"]
[Source "ChessBase"]
[SourceDate "2023.10.10"]
[SourceVersion "1"]
[SourceVersionDate "2023.10.10"]
[SourceQuality "1"]

1. c4 e5 2. e4 Nc6 3. Nc3 Bc5 4. Nge2 d6 5. h3 Be6 6. d3 Qd7 7. a3 a6 8. b4 Ba7 9. b5 axb5 10. Nxb5 Bb6 11. f4 f5 12. Nbc3 Nf6 13. Ng3 Bd4 14. Nge2 Bb6 15. g3 Qf7 16. Rb1 fxe4 17. Na4 Ba5+ 18. Bd2 exd3 19. Bxa5 dxe2 20. Qxe2 Rxa5 21. Rxb7 Rxa4 22. Bg2 d5 23. f5 Bc8 24. Rb5 0-0 25. cxd5 Nd4 26. Qd1 Rxa3 27. Rc5 Rxg3 28. 0-0 Bxf5 29. Qe1 Qe7 30. d6 cxd6 31. Rc3 Rxc3 32. Qxc3 Ne2+ 0-1

[Event "Madrid-ch Previa-A"]
[Site "Madrid"]
[Date "2022.03.08"]
[Round "2"]
[White "Esteban Amo, Jose M"]
[Black "Sanchez Arriola, Ignacio"]
[Result "1-0"]
[WhiteElo "1874"]
[BlackElo "1596"]
[PlyCount "67"]
[EventDate "2022.03.07"]
[EventType "swiss"]
[EventRounds "9"]
[EventCountry "ESP"]
[SourceTitle "EXT 2023"]
[Source "ChessBase"]
[SourceDate "2022.10.05"]
[SourceVersion "1"]
[SourceVersionDate "2022.10.05"]
[SourceQuality "1"]

1. d4 d5 2. Nf3 c6 3. e3 Nf6 4. c4 e6 5. Nc3 Be7 6. Bd3 dxc4 7. Bxc4 b5 8. Bd3 Bb7 9. 0-0 0-0 10. Qe2 a6 11. Rd1 Qc7 12. Bd2 Nbd7 13. Rac1 Qd8 14. Be1 Nb6 15. b3 Nbd5 16. Ne4 Nxe4 17. Bxe4 Rc8 18. Ne5 Bd6 19. Nd3 Qh4 20. f4 Qh6 21. Nc5 Nxf4 22. Qf3 Bxc5 23. Rxc5 Nd5 24. Bd2 Qh4 25. g3 Qe7 26. Bb1 Rfd8 27. Rf1 Nf6 28. Bb4 Qe8 29. Rg5 Kh8 30. Rxg7 Qg8 31. Rxg8+ Nxg8 32. Qxf7 Nf6 33. Qxf6+ Kg8 34. Qf7+ 1-0